<?xml version="1.0" encoding="UTF-8"?><collection xmlns="info:lc/xmlns/marcxchange-v2"><record format="Unimarc" type="bibliographic"><leader>00943cam  2200265   450 </leader><controlfield tag="001">1918695</controlfield><controlfield tag="003">http://id.bnportugal.gov.pt/bib/porbase/1918695</controlfield><controlfield tag="005">20030523140700.0</controlfield><datafield ind1=" " ind2=" " tag="010"><subfield code="a">0-691-04289-6</subfield><subfield code="b">encadernado</subfield><subfield code="d">12.800$00</subfield></datafield><datafield ind1=" " ind2=" " tag="035"><subfield code="5">68611</subfield></datafield><datafield ind1=" " ind2=" " tag="095"><subfield code="a">PTBN00777532</subfield></datafield><datafield ind1=" " ind2=" " tag="100"><subfield code="a">19950607d1994    k  y0pory0103    ba</subfield></datafield><datafield ind1="0" ind2=" " tag="101"><subfield code="a">eng</subfield></datafield><datafield ind1=" " ind2=" " tag="102"><subfield code="a">US</subfield></datafield><datafield ind1="1" ind2=" " tag="200"><subfield code="a">Time series analysis</subfield><subfield code="f">James D. Hamilton</subfield></datafield><datafield ind1=" " ind2=" " tag="210"><subfield code="a">New Jersey</subfield><subfield code="c">Princeton University</subfield><subfield code="d">cop. 1994</subfield></datafield><datafield ind1=" " ind2=" " tag="215"><subfield code="a">XIV, 799 p</subfield></datafield><datafield ind1=" " ind2=" " tag="675"><subfield code="a">31</subfield><subfield code="v">BN</subfield><subfield code="z">por</subfield><subfield code="3">288003</subfield></datafield><datafield ind1=" " ind2="1" tag="700"><subfield code="a">Hamilton</subfield><subfield code="b">James D.</subfield><subfield code="3">1508120</subfield></datafield><datafield ind1=" " ind2="0" tag="801"><subfield code="a">PT</subfield><subfield code="b">BN</subfield><subfield code="g">RPC</subfield></datafield><datafield ind1=" " ind2=" " tag="977"><subfield code="1">SD 519.5 H188t</subfield><subfield code="2">coop</subfield><subfield code="4">UACSD</subfield><subfield code="6">mq911378</subfield><subfield code="7">bc</subfield><subfield code="8">coop</subfield><subfield code="9">UACSD</subfield><subfield code="k">0</subfield></datafield><datafield ind1=" " ind2=" " tag="977"><subfield code="1">519.22A.152</subfield><subfield code="2">coop</subfield><subfield code="4">UAVSD</subfield><subfield code="6">mq911376</subfield><subfield code="7">bc</subfield><subfield code="8">coop</subfield><subfield code="9">UAVSD</subfield><subfield code="k">0</subfield></datafield><datafield ind1=" " ind2=" " tag="977"><subfield code="1">E-211 HAMI</subfield><subfield code="2">coop</subfield><subfield code="4">UCJPII</subfield><subfield code="6">mq911377</subfield><subfield code="7">bc</subfield><subfield code="8">coop</subfield><subfield code="9">UCJPII</subfield><subfield code="k">0</subfield></datafield><datafield ind1=" " ind2=" " tag="977"><subfield code="1">62M/HAM</subfield><subfield code="2">coop</subfield><subfield code="4">UCMA</subfield><subfield code="6">mq3079356</subfield><subfield code="7">bc</subfield><subfield code="8">coop</subfield><subfield code="9">UCMA</subfield><subfield code="k">0</subfield></datafield><datafield ind1=" " ind2=" " tag="977"><subfield code="1">ET/078</subfield><subfield code="2">coop</subfield><subfield code="4">UNLGE</subfield><subfield code="6">mq911374</subfield><subfield code="7">bc</subfield><subfield code="8">coop</subfield><subfield code="9">UNLGE</subfield><subfield code="b">95/146</subfield><subfield code="k">0</subfield></datafield><datafield ind1=" " ind2=" " tag="977"><subfield code="1">U10-1 65376 MT</subfield><subfield code="2">coop</subfield><subfield code="3">0</subfield><subfield code="4">UTADBG</subfield><subfield code="6">-21</subfield><subfield code="7">bc</subfield><subfield code="8">COOP</subfield><subfield code="9">UTADBG</subfield><subfield code="k">0</subfield></datafield><datafield ind1=" " ind2=" " tag="998"><subfield code="a">UNG3-377</subfield></datafield></record></collection>